Oscar for Best Production Design - Statistics

General Stats
  • This quiz has been taken 276 times
    15 since last reset
  • The average score is 28 of 124
Answer Stats
Year Best Production Design Winner % Correct
1997 Titanic
60%
2024 Wicked
60%
2010 Alice in Wonderland
40%
1984 Amadeus
40%
1951 An American in Paris
40%
1986 A Room with a View
40%
1951 A Streetcar Named Desire
40%
2009 Avatar
40%
1975 Barry Lyndon
40%
1989 Batman
40%
1959 Ben-Hur
40%
2018 Black Panther
40%
1972 Cabaret
40%
1967 Camelot
40%
2002 Chicago
40%
1963 Cleopatra
40%
2021 Dune
40%
1983 Fanny and Alexander
40%
2025 Frankenstein
40%
1982 Gandhi
40%
1958 Gigi
40%
1939 Gone with the Wind
40%
1948 Hamlet
40%
1992 Howard's End
40%
2011 Hugo
40%
2016 La La Land
40%
1962 Lawrence of Arabia
40%
2015 Mad Max: Fury Road
40%
2001 Moulin Rouge!
40%
1952 Moulin Rouge
40%
1964 My Fair Lady
40%
1968 Oliver!
40%
2019 Once Upon a Time... in Hollywood
40%
2006 Pan's Labyrinth
40%
1970 Patton
40%
1981 Raiders of the Lost Ark
40%
1998 Shakespeare in Love
40%
1960 Spartacus
40%
1977 Star Wars
40%
1950 Sunset Boulevard
40%
1960 The Apartment
40%
2004 The Aviator
40%
1996 The English Patient
40%
2013 The Great Gatsby
40%
1956 The King and I
40%
1987 The Last Emperor
40%
2003 The Lord of the Rings: The Return of the King
40%
2017 The Shape of Water
40%
1973 The Sting
40%
1962 To Kill a Mockingbird
40%
2022 All Quiet on the Western Front
20%
1979 All that Jazz
20%
1991 Bugsy
20%
1933 Cavalcade
20%
1931 Cimarron
20%
2000 Crouching Tiger, Hidden Dragon
20%
1988 Dangerous Liaisons
20%
1990 Dick Tracy
20%
1965 Doctor Zhivago
20%
1936 Dodsworth
20%
1944 Gaslight
20%
1947 Great Expectations
20%
1978 Heaven can Wait
20%
1969 Hello Dolly!
20%
1941 How Green was my Valley
20%
2012 Lincoln
20%
2020 Mank
20%
2005 Memoirs of a Geisha
20%
1971 Nicholas and Alexandra
20%
1954 On the Waterfront
20%
1985 Out of Africa
20%
1955 Picnic
20%
2023 Poor Things
20%
1940 Pride and Prejudice
20%
1995 Restoration
20%
1993 Schindler's List
20%
1965 Ship of Fools
20%
1999 Sleepy Hollow
20%
2007 Sweeney Todd: The Demon Barber of Fleet Street
20%
1980 Tess
20%
2008 The Curious Case of Benjamin Button
20%
2014 The Grand Budapest Hotel
20%
1949 The Heiress
20%
1961 The Hustler
20%
1994 The Madness of King George
20%
1953 The Robe
20%
1961 West Side Story
20%
1966 Who's Afraid of Virginia Woolf?
20%
1944 Wilson
20%
1954 20,000 Leagues Under the Sea
0%
1976 All the President's Men
0%
1963 America America
0%
1946 Anna and the King of Siam
0%
1947 Black Narcissus
0%
1945 Blood on the Sun
0%
1941 Blossoms in the Dust
0%
1966 Fantastic Voyage
0%
1945 Frenchman's Creek
0%
1953 Julius Caesar
0%
1930 King of Jazz
0%
1949 Little Women
0%
1937 Lost Horizon
0%
1942 My Gal Sal
0%
1943 Phantom of the Opera
0%
1950 Samson and Delilah
0%
1957 Sayonara
0%
1956 Somebody Up There Likes Me
0%
1928 Tempest
0%
1938 The Adventures of Robin Hood
0%
1952 The Bad and the Beautiful
0%
1929 The Bridge of San Luis Rey
0%
1935 The Dark Angel
0%
1959 The Diary of Anne Frank
0%
1927 The Dove
0%
1974 The Godfather Part II
0%
1934 The Merry Widow
0%
1948 The Red Shoes
0%
1955 The Rose Tattoo
0%
1943 The Song of Bernadette
0%
1940 The Thief of Bagdad
0%
1946 The Yearling
0%
1942 This Above All
0%
1932 Transatlantic
0%
1964 Zorba the Greek
0%
No matching quizzes found
Score Distribution
Percent of People with Each Score
Percentile by Number Answered
Your Score History
You have not taken this quiz since the last reset